| 000 | 06322cam a22019454i 4500 | ||
|---|---|---|---|
| 003 | PE-LiUPU | ||
| 005 | 20250813165955.0 | ||
| 008 | 150708s2014 pe a r 000 0 spa d | ||
| 020 | _a9789972234958 | ||
| 035 | _a(Sirsi) i9789972234958 | ||
| 040 |
_aBNP _bspa _cCBN _dPE-LiUPU _erda |
||
| 049 | _aPRUA | ||
| 082 | 0 | 4 |
_a657.61 _bA93 _221 |
| 100 | 1 |
_aAyala Zavala, Pascual, _d1952- , _eautor. |
|
| 245 | 1 | 0 |
_aPlan contable general empresarial, formulación de estados financieros, análisis financiero en el marco de las NIIF / _cPascual Ayala Zavala. |
| 250 | _aPrimera edición. | ||
| 264 | 1 |
_aBreña, Lima : _bInstituto Pacífico, _c2014. |
|
| 300 |
_a857 páginas : _bilustraciones ; _c24 centímetros |
||
| 336 |
_atext _2rdacontent |
||
| 337 |
_aunmediated _2rdamedia |
||
| 338 |
_avolume _2rdacarrier |
||
| 505 | 0 | _aElemento 1: activo disponible y exigible (cuenta 10-19) -- Elemento 2: activo realizable (cuenta 20-29) -- Elemento 3: activo inmovilizado (cuenta 30-39) -- Elemento 4: pasivo(cuenta 40-49) -- Elemento 5: patrimonio neto (cuenta 50-59) -- Elemento 6: gastos por naturaleza (cuenta 60-69) -- Elemento 7: Ingreso (cuenta 70-79) -- Elemento 8: saldos intemediarios de gestión y determinación del resultado del ejercicio (cuenta 80-89) -- Elemento 9: contabilidad analítica de explotación: costos de producción y gastos por función -- Elemento 0: cuentas de orden -- Casos prácticos. | |
| 526 | _aP203 | ||
| 526 | _aP200 | ||
| 526 | _aSEG65 | ||
| 526 | _aSEG64 | ||
| 526 | _aSEG63 | ||
| 526 | _aSEG62 | ||
| 526 | _aSEG61 | ||
| 526 | _aSEG60 | ||
| 526 | _aSEG59 | ||
| 526 | _aSEG58 | ||
| 526 | _aSEG57 | ||
| 526 | _aSEG56 | ||
| 526 | _aSEG55 | ||
| 526 | _aSEG54 | ||
| 526 | _aSEG53 | ||
| 526 | _aSEG52 | ||
| 526 | _aSEG51 | ||
| 526 | _aSEG50 | ||
| 526 | _aSEG49 | ||
| 526 | _aSEG48 | ||
| 526 | _aSEG47 | ||
| 526 | _aSEG46 | ||
| 526 | _aSEG24 | ||
| 526 | _aSEG23 | ||
| 526 | _aSEG22 | ||
| 526 | _aSEG21 | ||
| 526 | _aSEG20 | ||
| 526 | _aSEG19 | ||
| 526 | _aSEG18 | ||
| 526 | _aSEG17 | ||
| 526 | _aSEG16 | ||
| 526 | _aSEG14 | ||
| 526 | _aSEG13 | ||
| 526 | _aSEG12 | ||
| 526 | _aSEG11 | ||
| 526 | _aSEG10 | ||
| 526 | _aSEG09 | ||
| 526 | _aSEG06 | ||
| 526 | _aSEG05 | ||
| 526 | _aSEG04 | ||
| 526 | _aSEG03 | ||
| 526 | _aSEG02 | ||
| 526 | _aSEG68 | ||
| 526 | _aSEG66 | ||
| 526 | _aSEG45 | ||
| 526 | _aSEG25 | ||
| 526 | _aSEG01 | ||
| 526 | _aP163 | ||
| 526 | _aP162 | ||
| 526 | _aP161 | ||
| 526 | _aP160 | ||
| 526 | _aP159 | ||
| 526 | _aP158 | ||
| 526 | _aP157 | ||
| 526 | _aP156 | ||
| 526 | _aP155 | ||
| 526 | _aP154 | ||
| 526 | _aP153 | ||
| 526 | _aP152 | ||
| 526 | _aP151 | ||
| 526 | _aP150 | ||
| 526 | _aP149 | ||
| 526 | _aP142 | ||
| 526 | _aP141 | ||
| 526 | _aP140 | ||
| 526 | _aP139 | ||
| 526 | _aP138 | ||
| 526 | _aP137 | ||
| 526 | _aP132 | ||
| 526 | _aP131 | ||
| 526 | _aP130 | ||
| 526 | _aP126 | ||
| 526 | _aP125 | ||
| 526 | _aP124 | ||
| 526 | _aP123 | ||
| 526 | _aP115 | ||
| 526 | _aP122 | ||
| 526 | _aP121 | ||
| 526 | _aP116 | ||
| 526 | _a P114 | ||
| 526 | _aP112 | ||
| 526 | _aP111 | ||
| 526 | _aP104 | ||
| 526 | _aP103 | ||
| 526 | _aP102 | ||
| 526 | _aP101 | ||
| 526 | _aP100 | ||
| 526 | _aP96 | ||
| 526 | _aP95 | ||
| 526 | _aP93 | ||
| 526 | _aP92 | ||
| 526 | _aP91 | ||
| 526 | _aP88 | ||
| 526 | _aP83 | ||
| 526 | _aP82 | ||
| 526 | _aP79 | ||
| 526 | _aP78 | ||
| 526 | _aP75 | ||
| 526 | _aP74 | ||
| 526 | _aP71 | ||
| 526 | _aP69 | ||
| 526 | _a P51 | ||
| 526 | _aP49 | ||
| 526 | _aP48 | ||
| 526 | _aP47 | ||
| 526 | _aP33 | ||
| 526 | _aP31 | ||
| 526 | _a P30 | ||
| 526 | _aP29 | ||
| 526 | _aP27 | ||
| 526 | _aP26 | ||
| 526 | _aP25 | ||
| 526 | _aP24 | ||
| 526 | _a P22 | ||
| 526 | _aP10 | ||
| 526 | _aP09 | ||
| 526 | _a P08 | ||
| 526 | _aP06 | ||
| 526 | _aP05 | ||
| 526 | _aP04 | ||
| 526 | _aP01 | ||
| 541 | _g001-0039190; | ||
| 650 | 0 | 4 |
_aContabilidad _xNormas _xInterpretación y aplicación. _93707 |
| 650 | 0 | 4 |
_aEstados financieros. _91111 |
| 650 | 0 | 4 |
_aPlan contable general _zPerú _vEstudio de casos. |
| 650 | 0 | 4 |
_aPlan contable general _zPerú _xInterpretación y aplicación. |
| 910 |
_aaas _bjck _caas _d20150708 |
||
| 942 |
_2ddc _cBOOK |
||
| 949 |
_a657.61 A93 _wDEWEY _c1 _i71577 _d2016-5-16 _e2016-5-15 _lCCODEBUL1 _mBUL _n3 _p28.39 _r0 _sY _tBOOK _u2015-7-8 _xFCE _0COMPRA _o.STAFF. Colección General |
||
| 949 |
_a657.61 A93 _wDEWEY _c1 _iFJ00367 _lCCODEBUJ1 _mBUJ _p27.50 _r0 _sY _tBOOK _u2016-06-13 _xFCE _PP08 _0COMPRA _o.STAFF. Colección General Juliaca |
||
| 949 |
_a657.61 A93 _wDEWEY _c2 _i74466 _lCCODEBUL1 _mBUL _p44.39 _r0 _sY _tBOOK _u2016-9-12 _xFCE _PP08 _0COMPRA _o.STAFF. Colección Ciencias Empresariales |
||
| 949 |
_a657.61 A93 _wDEWEY _c3 _i74467 _lCCODEBUL1 _mBUL _p44.39 _r0 _sY _tBOOK _u2016-9-12 _xFCE _PP08 _0COMPRA _o.STAFF. Colección Ciencias Empresariales |
||
| 949 |
_a657.61 A93 _wDEWEY _c4 _i74468 _lCCODEBUL1 _mBUL _p44.39 _r0 _sY _tBOOK _u2016-9-12 _xFCE _PP08 _0COMPRA _o.STAFF. Colección Ciencias Empresariales |
||
| 994 |
_aC0 _bPEPRU |
||
| 596 | _a1 | ||
| 999 |
_a657.61 A93 _wDEWEY _c56345 _i71577 _d56345 _e2019-3-19 _f2021-11-5 _g5 _lCCODEBUL1 _mBUL _n7 _p28.39 _q3 _r0 _sY _tBOOK _u2015-7-8 _xFCE _PP08 _0COMPRA _o.STAFF. Colección General |
||
| 999 |
_a657.61 A93 _wDEWEY _c2 _i74466 _d2019-4-16 _e2019-4-12 _f2021-11-5 _g5 _lCCODEBUL1 _mBUL _n9 _p44.39 _q3 _r0 _sY _tBOOK _u2016-9-12 _xFCE _PP08 _0COMPRA _o.STAFF. Colección Ciencias Empresariales |
||
| 999 |
_a657.61 A93 _wDEWEY _c3 _i74467 _f2021-11-5 _g5 _lCCODEBUL1 _mBUL _p44.39 _r0 _sY _tBOOK _u2016-9-12 _xFCE _PP08 _0COMPRA _o.STAFF. Colección Ciencias Empresariales |
||
| 999 |
_a657.61 A93 _wDEWEY _c4 _i74468 _d2019-9-26 _e2019-4-8 _f2021-11-5 _g5 _lCCODEBUL1 _mBUL _n7 _p44.39 _q4 _r0 _sY _tBOOK _u2016-9-12 _xFCE _PP08 _0COMPRA _o.STAFF. Colección Ciencias Empresariales |
||
| 999 |
_a657.61 A93 _wDEWEY _c5 _iFJ00367 _d2017-11-3 _e2017-10-30 _f2022-1-31 _g4 _lCCODEBUL1 _mBUL _n6 _p27.50 _q4 _r0 _sY _tBOOK _u2017-9-7 _xINGENIERIA _PP08 _0COMPRA _o.STAFF. Colección General Juliaca |
||
| 980 |
_81 _gALBERTO SANCHEZ Responsable de Automatización |
||